000 01637cam a2200277 a 4500
001 4120361
005 20250923094130.0
008 081024s2009 nyu 000 0 eng
010 _a 2008044895
020 _a9781584797517 (pbk.)
020 _a9781584797746
035 _a(CaONFJC)8848840
035 _a(CaBVaU)4120361
040 _aDLC
_cDLC
_dCaONFJC
_dUtOrBLW
050 0 0 _aTD171.7
_b.D672 2009
100 _aDorfman, Josh
_925752
245 1 4 _aThe lazy environmentalist on a budget
_b: save money, save time, save the planet
_c/ Josh Dorfman.
260 _aNew York :
_bStewart, Tabori & Chang,
_c2009.
300 _a221 p. ;
_c21 cm.
520 _aThe Lazy Environmentalist is a guidebook to the best of green living. The last few years have witnessed an explosion in environmental innovation cutting across nearly every industry. New designers, technologies, and companies are creating a whole new set of eco-friendly choices in the form of products and services. The Lazy Environmentalist presents these developments and explains how green living is easier, more attractive, and more convenient than ever before. The book informs readers about hundreds of specific products and services and where to get them. Chapters cover the spectrum of lifestyle with specific headings like fashion, furniture, travel, transportation, real estate, architecture and construction, and education to name but a few.
650 0 _aEnvironmental protection Citizen participation
_xCitizen participation.
650 0 _aEnvironmentalism
_912143
650 0 _aOrganic living
_925753
650 0 _aSustainable living
_910807
942 _2lcc
999 _c4856
_d4856